| 000 | 01616cam a22002175a 4500 | ||
|---|---|---|---|
| 001 | L144893 | ||
| 008 | 080818s2008 xxkdo f 000 0 eng d | ||
| 035 | _a(Sirsi) u144893 | ||
| 041 | 0 | _aeng | |
| 050 | 0 | 4 | _a658.406 $2 18 |
| 110 | 2 |
_aPriceWaterhouseCoopers _93793 |
|
| 245 | 0 | 0 |
_aHow to build an agile foundation for change _h[electronic resource] |
| 260 |
_aLondon _bPriceWaterhouseCoopers _c2008 |
||
| 505 | 2 | _aThe heart of the matter -- The in-depth dicussion: why agility is a new core competency; the hallmarks and benefits of an agile enterprise; who's holding your company back from being an agile entreprise?; taking a targeted approach to transformational change; the business agility blueprint as the way forward; blueprint planning at work -- What this means for your business -- True collaboration around the business agility blueprint -- A call to action | |
| 520 | _aAddresses why agility is of importance today and looks at the challenges facing companies in managing change. Suggests that the companies who cope best are those that thrive on change and that businesses must take a more fundamental approach to managing and understanding organisational change. Illustrates this theme by describing the loss of productivity and missed market opportunities caused as a result of not anticipating or failing to plan for change. | ||
| 521 | _aAdvanced | ||
| 651 | 4 | _aInternational | |
| 690 | _aMANAGEMENT-BUSINESS MANAGEMENT | ||
| 856 | 4 | 8 |
_uhttps://www.pwc.com/extweb/pwcpublications.nsf/docid/3C5182A7C92831AE852573F400506906 _zView the item free of charge online at www.pwc.com... |
| 942 | _n0 | ||
| 999 |
_c108649 _d108649 |
||